Państwa świata kończące się na literę E - Statystyki

Ogólne statystyki
  • Ten quiz został rozwiązany 1 928 razy
    1 750 od ostatniego zresetowania
  • Średni wynik to 5 z 8
Statystyki odpowiedzi
Kontyment Kraj % Poprawnych
Ameryka Południowa Chile
87%
Ameryka Północna Belize
71%
Ameryka Północna Stany Zjednoczone
67%
Azja Indie
65%
Afryka Seszele
60%
Afryka Zimbabwe
54%
Azja Zjednoczone Emiraty Arabskie
51%
Afryka Sierra Leone
41%
Nie znaleziono quizów pasujących do podanych kryteriów
Rozkład punktacji
Procent ludzi z każdym wynikiem
Percentyl według liczby udzielonych odpowiedzi
Twoja historia wyników
Nie rozwiązałeś tego quizu od ostatniego zresetowania